000 00346nam a2200109Ia 4500
008 171204s9999 xx 000 0 und d
245 _aTrendology: Building an Advantage Through Data-Driven Real-Time Marketing
245 _cC. Kerns
260 _c2014
650 _xMARKETING MANAGEMENT
856 _uhttp://down.ebook777.com/038/9781137479556.pdf
999 _c347038
_d347038